000 00638nam a2200181Ia 4500
008 140609s9999 xx 000 0 und d
050 _aRB 40
_b.N964 [2010]
100 _aNuevo, Jose Jurel M.
245 _aLaboratory manual in clinical chemistry 1 /
_cJose Jurel M. Nuevo, Dianne Rose Capistrano-Mendoza
260 _a[Philippines] :
_b[Medical Laboratory Science],
_c[c2010?].
300 _a62 leaves ;
_c28 cm.
500 _aIncludes bibliographical references.
521 _aNUR
650 _aClinical chemistry
_xProblems, exercises, etc.
650 _aDiagnosis, Laboratory
_xMethods.
942 _kLOC
_cBK
999 _c117996
_d117996